00445nam a2200121Ia 4500008004100000020001800041245009500059260002000154650001600174856004100190999001900231952007300250171212s9999 xx 000 0 und d a9781910634356 ceditor Stevenson, AliceaPetrie Museum of Egyptian ArchaeologybCharacters and Collections bUCL Pressc2015 aArchaeology uhttp://jstor.org/stable/j.ctt1g69z2n c352880d352880 001040aCLbCLd2017-12-12l0r2017-12-12 00:00:00w2017-12-12yCBE